Southville International School and Colleges
Your cart is empty.
  • Cart
  • Lists
    Public lists Eva Luna New books Lux_list list_1
    Your lists Log in to create your own lists
  • Log in to your account
  • Your cookies
  • Search history
Southville International School and Colleges
  • Advanced search
  • Recent comments
  • Most popular
  • Libraries

Log in to your account

Log in with GOOGLE


If you do not have an external account, but do have a local account, you can still log in:

  1. Home
  2. MARC view: Urinalysis and body fluids /
Normal view MARC view ISBD view

Urinalysis and body fluids / (Record no. 357629)

[ view plain ]
MARC details
000 -LEADER
fixed length control field 00690nam a2200241Ia 4500
008 - FIXED-LENGTH DATA ELEMENTS--GENERAL INFORMATION
fixed length control field 180523s9999 xx 000 0 und d
020 ## - INTERNATIONAL STANDARD BOOK NUMBER
International Standard Book Number 974-8279-87-1
050 ## - LIBRARY OF CONGRESS CALL NUMBER
Classification number MAIN RB 53
050 ## - LIBRARY OF CONGRESS CALL NUMBER
Item number .S77 2001
100 ## - MAIN ENTRY--PERSONAL NAME
Personal name Strasinger, Susan King.
245 #0 - TITLE STATEMENT
Title Urinalysis and body fluids /
245 #0 - TITLE STATEMENT
Statement of responsibility, etc Susan King Strasinger, Marjorie Schaub Di Lorenzo.
250 ## - EDITION STATEMENT
Edition statement 4th Edition
260 ## - PUBLICATION, DISTRIBUTION, ETC. (IMPRINT)
Place of publication, distribution, etc Philadelphia :
260 ## - PUBLICATION, DISTRIBUTION, ETC. (IMPRINT)
Name of publisher, distributor, etc F. A. Davis Company,
260 ## - PUBLICATION, DISTRIBUTION, ETC. (IMPRINT)
Date of publication, distribution, etc 2001
300 ## - PHYSICAL DESCRIPTION
Extent 259 pages :
300 ## - PHYSICAL DESCRIPTION
Other physical details illustrations ;
300 ## - PHYSICAL DESCRIPTION
Dimensions 28 cm.
500 ## - GENERAL NOTE
General note Includes bibliographical references and index.
650 ## - SUBJECT ADDED ENTRY--TOPICAL TERM
Topical term or geographic name as entry element Urinalysis -- Methods.
650 ## - SUBJECT ADDED ENTRY--TOPICAL TERM
General subdivision Body fluids -- Chemistry.
Holdings
Withdrawn status Lost status Damaged status Home library Current library Shelving location Date acquired Total Checkouts Full call number Barcode Date last seen Price effective from Koha item type
      South Mansfield College South Mansfield College   06/18/2007   MAIN RB 53 .S77 2001 SMC03635 05/23/2018 05/23/2018  

Urinalysis and body fluids /

APA

Strasinger S. K., .Urinalysis and body fluids. Philadelphia: .

Chicago

Strasinger Susan King, .Urinalysis and body fluids. Philadelphia: .

Harvard

Strasinger S. K., .Urinalysis and body fluids. Philadelphia: .

MLA

Strasinger Susan King, .Philadelphia: . .

  • Place hold
  • Print
  • Cite
  • Add to your cart (remove)
  • Save record
    BIBTEX Dublin Core MARCXML MARC (non-Unicode/MARC-8) MARC (Unicode/UTF-8) MARC (Unicode/UTF-8, Standard) MODS (XML) RIS
  • More searches
    Search for this title in:
    Other Libraries (WorldCat) Other Databases (Google Scholar) Online Stores (Bookfinder.com) Open Library (openlibrary.org)

Exporting to Dublin Core...

SOUTHVILLE LIBRARY

Southville International School and Colleges Library

1281 Tropical Ave. Cor. Luxembourg St., BF Homes International, Las Pinas City

Tel. No. 8256374 / 252358 Loc. 117/146

Powered by Koha